Business roles /

Đã lưu trong:
Sonraí Bibleagrafaíochta
Príomhúdar: Crowther-Alwyn, John.
Formáid: Leabhar
Teanga:English
Foilsithe: Cambridge, UK ; New York : Cambridge University Press, 1997.
Ábhair:
Clibeanna: Cuir Clib Leis
Gan Chlibeanna, Bí ar an gcéad duine leis an taifead seo a chlibeáil!
Thư viện lưu trữ: Mạng thư viện Đại học Đà Nẵng
LEADER 01141nam a2200325 a 4500
001 000041959
003 4760
005 20190906142144.0
008 171030s1997
040 |a LNN 
041 0 |a eng 
082 0 |a 428.24 
082 1 4 |a 428.2402465  |b CR-J 
100 1 |a Crowther-Alwyn, John. 
245 0 0 |a Business roles /  |c John Crowther-Alwyn. 
260 |a Cambridge, UK ; New York :  |b Cambridge University Press,  |c 1997. 
300 |a iv, 100p. :  |b ill. 
630 0 4 |a English language. 
630 0 4 |a Business English. 
650 0 4 |a English language  |x Study and teaching  |x Textbooks for foreign speakers. 
650 0 4 |a English language  |x Business English  |x Problems, exercises, etc. 
OWN |a LNN 
AVA |a UDN50  |b LNN  |c English  |d 428.24 CR-J  |e available  |t Error 5001 Not defined in file expand_doc_bib_avail.  |f 1  |g 0  |h N  |i 0  |j AN  |k 1 
999 |a From the UDN01 
AVA |a UDN50  |b LNN  |c English  |d 428.24 CR-J  |e available  |t Error 5001 Not defined in file expand_doc_bib_avail.  |f 1  |g 0  |h N  |i 0  |j AN  |k 1 
TYP |a Monograph 
TYP |a Printed language 
980 |a Mạng thư viện Đại học Đà Nẵng